UBT Library

Joint structure & function : (Record no. 44875)

000 -LEADER
fixed length control field 00770cam a2200253 a 4500
001 - CONTROL NUMBER
control field 599870
005 - DATE AND TIME OF LATEST TRANSACTION
control field 20180313054819.0
008 - FIXED-LENGTH DATA ELEMENTS--GENERAL INFORMATION
fixed length control field 911106s1992 paua b 001 0 eng c
010 ## - LIBRARY OF CONGRESS CONTROL NUMBER
LC control number 91042518
020 ## - INTERNATIONAL STANDARD BOOK NUMBER
International Standard Book Number 0803665776 (alk. paper) :
Terms of availability $36.00
040 ## - CATALOGING SOURCE
Original cataloging agency DNLM/DLC
Transcribing agency DLC
Modifying agency DLC
041 ## - LANGUAGE CODE
Language code of text/sound track or separate title eng
060 ## - NATIONAL LIBRARY OF MEDICINE CALL NUMBER
Classification number WE 300 N841j
080 ## - UNIVERSAL DECIMAL CLASSIFICATION NUMBER
Universal Decimal Classification number 612.7/5 cyr
082 00 - DEWEY DECIMAL CLASSIFICATION NUMBER
Classification number 612.7/5 cyr
Edition number 20
100 1# - Rafti
Rafti 4
101 ## - Shkurtesa
Shkurtesa shm
245 10 - TITLE STATEMENT
Title Joint structure & function :
Statement of responsibility, etc Cynthia C. Norkin, Pamela K. Levangie.
504 ## - BIBLIOGRAPHY, ETC. NOTE
Bibliography, etc Includes bibliographical references and index.
740 0# - ADDED ENTRY--UNCONTROLLED RELATED/ANALYTICAL TITLE
Uncontrolled related/analytical title Joint structure and function.
906 ## - LOCAL DATA ELEMENT F, LDF (RLIN)
a 7
b cbc
c orignew
d 1
e ocip
f 19
g y-gencatlg
942 ## - ADDED ENTRY ELEMENTS (KOHA)
Source of classification or shelving scheme
Item type Books
Holdings
Withdrawn status Lost status Source of classification or shelving scheme Damaged status Not for loan Collection code Permanent location Current location Shelving location Date acquired Total Checkouts Full call number Barcode Date last seen Price effective from Koha item type
          Koleksioni i përgjithshem UBT - Lipjan UBT - Lipjan Koleksioni i përgjithshem 03/13/2018   612.7/5 cyr 002-3002038 03/13/2018 03/13/2018 Books
UBT Library © 2015-2024. All rights reserved University Education for Business and Technology